[Event "Feffernitz Raika op 14th"]
[Site "Feffernitz"]
[Date "2005.08.22"]
[Round "3"]
[White "Hasanagic, Anel"]
[Black "Cuiha, Janez"]
[Result "1-0"]
[WhiteElo "1850"]
[BlackElo "2026"]
[PlyCount "59"]
[EventDate "2005.08.21"]
[EventType "swiss"]
[EventRounds "9"]
[EventCountry "AUT"]
[SourceTitle "CBM 108 Extra"]
[Source "ChessBase"]
[SourceDate "2005.11.04"]
[SourceVersion "1"]
[SourceVersionDate "2005.11.04"]
[SourceQuality "1"]

1. e4 c5 2. c3 d5 3. exd5 Qxd5 4. d4 Nf6 5. Na3 e6 6. Be3 cxd4 7. Nb5 Qd8 8. Qxd4 Nd5 9. Nxa7 Nxe3 10. Qxe3 Qa5 11. Nxc8 Nd7 12. Nf3 Rxc8 13. Be2 Be7 14. 0-0 0-0 15. Rfe1 Bc5 16. Qd2 Qc7 17. Bd3 h6 18. Qe2 Rfd8 19. Rad1 Nf6 20. h3 Qf4 21. Bc2 Qc7 22. Bb3 Kh8 23. Ne5 Rxd1 24. Rxd1 Rf8 25. Bxe6 Bxf2+ 26. Kxf2 Qb6+ 27. Kf1 Ne4 28. Qxe4 fxe6+ 29. Nf3 Qxb2 30. Qb4 1-0